00830nam a2200229 a 450000100060000000300090000600800410001502000150005604000280007108200180009910000330011724500400015026000330019030000100022349000500023359000490028365000520033265000340038494200120041899900170043095201530044717908CO-ViMGA141112s2004 ck r 000 u spa d a9968380709 aCO-ViMGAbspacCO-ViMGA04a340.072 C175m1 aCarnelutti, Francesco92533410aMetodología del derecho . Vol (2) aMexico, cJurídica, c2001 a92.p. aGandes maestros de la filosofía del derecho aForma de adquisición : Premio - Mincultura14aFILOSOFIA DEL DERECHODERECHO ENSEÑANZA92533514aMETODOLOGIA DEL DERECHO97723 2ddccBK c27312d27312 00102ddc40708002aMEVIECARbMEVIECARd2015-12-04hVolumen. 1 | 11/jun/2009l0o340.072 C175m p17908r2015-12-04 00:00:00tEj. 1w2015-12-04yBK